000 00755nam a22002297a 4500
001 4386
003 FISKH
005 20240819090510.0
008 240819b cb ||||| |||| 00| 0 eng d
040 _aFISKH
_beng
_cFISKH
_dFISKH
050 _aPR6037.T617
082 _a823.8
100 _aStoker, Bram
_d1847–1912
245 _aDracula /
_cBy Bram Stoker
260 _aPhnom Penh :
_bFootprints International School,
_c2024.
300 _a542 pages :
_c21 cm
520 _aHaving deduced the double identity of Count Dracula, a wealthy Transylvanian nobleman, a small group of people vow to rid the world of the evil vampire.
650 _aVampire
_vFantasy
_xHorror
650 _aDracula
_vFiction
942 _2ddc
_cBK
_n0
999 _c4386
_d4386